Kỹ thuật đo lường kiểm tra trong chế tạo cơ khí /

- Chương 1: Các khái niệm và nguyên tắc cơ bản trong đo lường

Đã lưu trong:
Sonraí Bibleagrafaíochta
Príomhúdar: Nguyễn Thị Xuân Bảy
Údair Eile: Nguyễn Thị Cẩm Tú, Nguyễn Tiến Thọ
Formáid: Leabhar
Teanga:Vietnamese
Foilsithe: H. : KHKT , 2009
Eagrán:Tái bản lần thứ 4
Ábhair:
Clibeanna: Cuir Clib Leis
Gan Chlibeanna, Bí ar an gcéad duine leis an taifead seo a chlibeáil!
Thư viện lưu trữ: Thư viện Trường CĐ Kỹ Thuật Cao Thắng
LEADER 04330nam a2200361 a 4500
001 TVCDKTCT12413
003 Thư viện trường Cao đẳng Kỹ thuật Cao Thắng
005 20170605085401.2
008 100524
980 \ \ |a Thư viện Trường CĐ Kỹ Thuật Cao Thắng 
024 |a RG_1 #1 eb0 i1 
041 0 # |a vie 
082 # # |a 621.802 87 /   |b K600T-ng 
100 1 # |a Nguyễn Thị Xuân Bảy 
245 0 0 |a Kỹ thuật đo lường kiểm tra trong chế tạo cơ khí /   |c Nguyễn Thị Xuân Bảy, Nguyễn Thị Cẩm Tú, Nguyễn Tiến Thọ 
250 # # |a Tái bản lần thứ 4 
260 # # |a H. :   |b KHKT ,   |c 2009 
300 # # |a 180tr. ;   |c 27 cm 
520 # # |a - Chương 1: Các khái niệm và nguyên tắc cơ bản trong đo lường 
520 # # |a - Chương 2: Phương pháp đo các thông số hình học và các chỉ tiêu chất lượng của chi tiết cơ khí 
520 # # |a - Chương 3: Lý thuyết sai số - Phương pháp xử lý kết quả đo thực nghiệm 
520 # # |a - Chương 4: Chọn phương án đo 
520 # # |a Cuốn "Kỹ thuật đo lường - kiểm tra trong chế tạo cơ khí" cung cấp các kiến thức cơ sở kỹ thuật đo cho các kỹ sư chế tạo máy để khi giải quyết công nghệ sản xuất có thể đưa ra được quy trình công nghệ hợp lý, có khả năng giải quyết các vấn đề về kỹ thuật đo lường - kiểm tra chất lượng sản phẩm chọn được độ chính xác hợp lý cho phương pháp đo. Cuốn sách trình bày các vấn đề cơ bản nhất của kỹ thuật đo , trọng tâm của cuốn sách dành cho những vấn đề về phương pháp đo để xác định thông số hình học trong các chi tiết cơ khí . Cuốn scahs trình bày các kiến thức cơ bản , tóm tắt về lý thuyết sai số và phương pháp xử lý số liệut hực nghiệm - các kiên thức không thể thiếu trong công tác đo lường -kiểm tra sản xuất để đánh giá có tính chất thống kê chất lượng sản phẩm , máy móc. 
520 # # |a Cuốn sách được soạn làm tài liệu học tập chính thức cho sinh viên ngành chế tạo cơ khí và máy chính xác, làm tài liệu tham khảo cho các sinh viên , học sinh kỹ thuật trong các ngành cơ khí , cuốn sách giúp ích cho cán bộ làm công tác kiểm tra kỹ thật cơ khí, các kỹ sư công nghệ chế tạo và những người quan tâm đến vấn đề kỹ thuật đo lường- kiểm tra và nghiên cứu thực nghiệm , cuốn sách giúp người thiết kế nêu được một cách hợp lý các nhu cầu về chất lượng sản phẩm cũng như đưa ra được một quy trình công nghệ hợp lý để đảm bảo chất lượng , cuốn sách giúp ta chọn được phương án đo và độn chính xác của dụng cụ đo phù hợp với yêu cầu của độ chính xác sản phẩm. 
520 # # |a Cuốn sách gồm 4 chương : 
520 # # |a Trong sản xuất, đo lường là phương pháp để nhận biết chất lượng và như vậy dụng cụ đo lường trở thành một trong những công cụ lao động góp phần tạo ra lao động có chất lượng cao, tạo ra các sản phẩm tốt. 
650 # 4 |a Chế tạo cơ khí 
650 # 4 |a Chế tạo cơ khí--kỹ thuật đo lường ki ểm tra 
700 0 # |a Nguyễn Thị Cẩm Tú 
700 0 # |a Nguyễn Tiến Thọ 
721 # # |a CNKT Cơ điện tử 
721 # # |a CNKT Cơ khí 
841 # # |b Kho Sách   |j 100035419, 100035439, 100035469, 100035603, 100036780, 100036785, 100036790, 100036795, 100036800